Every Song by the Fratellis - Statistics

General Stats
  • This quiz has been taken 22 times
  • The average score is 43 of 100
Answer Stats
Album Song % Correct
Costello Music(2006) Chelsea Dagger
100%
Costello Music(2006) Flathead
83%
Costello Music(2006) For the Girl
83%
Costello Music(2006) Henrietta
83%
Costello Music(2006) Ole Black 'n' Blue Eyes
83%
We Need Medicine(2013) She's Not Gone Yet But She's Leaving
83%
Costello Music(2006) Baby Fratelli
75%
Costello Music(2006) Vince the Loveable Stoner
75%
We Need Medicine(2013) We Need Medicine
75%
Eyes Wide, Tongue Tied(2015) Baby Don't You Lie to Me
67%
Costello Music(2006) Creepin' up the Backstairs
67%
Costello Music(2006) Everybody Knows You Cried Last Night
67%
Costello Music(2006) Got Ma Nuts from a Hippy
67%
Costello Music(2006) | Edgy in Brixton(2007) Whistle for the Choir
67%
In Your Own Sweet Time(2018) Advaita Shuffle
58%
Here We Stand(2008) A Heady Tale
58%
Costello Music(2006) Cuntry Boys & City Girls
58%
Costello Music(2006) Doginabag
58%
Eyes Wide, Tongue Tied(2015) Dogtown
58%
Half Drunk Under a Full Moon(2021) Half Drunk Under a Full Moon
58%
We Need Medicine(2013) Halloween Blues
58%
In Your Own Sweet Time(2018) I Am That
58%
In Your Own Sweet Time(2018) I Guess... I Suppose...
58%
In Your Own Sweet Time(2018) I've Been Blind
58%
In Your Own Sweet Time(2018) Laughing Gas
58%
Eyes Wide, Tongue Tied(Bonus)(2015) Medusa in Chains
58%
Here We Stand(2008) My Friend John
58%
We Need Medicine(2013) Rock N Roll Will Break Your Heart
58%
We Need Medicine(2013) Seven Nights, Seven Days
58%
Here We Stand(2008) Shameless
58%
In Your Own Sweet Time(2018) Starcrossed Losers
58%
Half Drunk Under a Full Moon(2021) Strangers in the Street
58%
Eyes Wide, Tongue Tied(2015) Thief
58%
Half Drunk Under a Full Moon(Bonus)(2021) Alive
50%
Eyes Wide, Tongue Tied(2015) Getting Surreal
50%
Half Drunk Under a Full Moon(2021) Hello Stranger
50%
Eyes Wide, Tongue Tied(2015) Impostors (Little by Little)
50%
In Your Own Sweet Time(2018) Indestructible
50%
Half Drunk Under a Full Moon(2021) Lay Your Body Down
50%
Here We Stand(2008) Mistress Mabel
50%
Eyes Wide, Tongue Tied(2015) Slow
50%
In Your Own Sweet Time(2018) Stand Up Tragedy
50%
Here We Stand(2008) Tell Me a Lie
50%
Half Drunk Under a Full Moon(2021) The Last Songbird
50%
In Your Own Sweet Time(2018) The Next Time We Wed
50%
In Your Own Sweet Time(2018) Told You So
50%
Eyes Wide, Tongue Tied(2015) Too Much Wine
50%
We Need Medicine(2013) Whisky Saga
50%
Here We Stand(2008) Acid Jazz Singer
42%
Here We Stand(2008) Babydoll
42%
Here We Stand(B-Side)(2008) B Movie Saga
42%
Eyes Wide, Tongue Tied(Bonus)(2015) Boy Scout to the End
42%
Costello Music(Bonus)(2006) Cigarello
42%
Half Drunk Under a Full Moon(Bonus)(2021) Closing Time Again
42%
We Need Medicine(2013) Jeannie Nitro
42%
In Your Own Sweet Time(Bonus)(2018) Let's Go!
42%
Half Drunk Under a Full Moon(2021) Living in the Dark
42%
Here We Stand(2008) Look Out Sunshine!
42%
Eyes Wide, Tongue Tied(2015) Moonshine
42%
Half Drunk Under a Full Moon(2021) Need a Little Love
42%
Half Drunk Under a Full Moon(2021) Oh Roxy
42%
We Need Medicine(2013) Shotgun Shoes
42%
Half Drunk Under a Full Moon(2021) Six Days in June
42%
The Fratellis(2006) Stacie Anne
42%
We Need Medicine(2013) This Is Not The End of the World
42%
Here We Stand(B-Side)(2008) Z Movie Saga
42%
Eyes Wide, Tongue Tied(2015) Desperate Guy
33%
Eyes Wide, Tongue Tied(Bonus)(2015) Down the Road and Back... Again
33%
Here We Stand(2008) Jesus Stole My Baby
33%
Eyes Wide, Tongue Tied(2015) Me and the Devil
33%
Here We Stand(2008) Milk and Money
33%
Edgy in Brixton(2007) Nina
33%
In Your Own Sweet Time(2018) Sugartown
33%
We Need Medicine(2013) This Old Ghost Town
33%
Half Drunk Under a Full Moon(2021) Action Replay
25%
Eyes Wide, Tongue Tied(Bonus)(2015) I'm Gonna Be Your Elvis
25%
Here We Stand(2008) Lupe Brown
25%
Eyes Wide, Tongue Tied(2015) Rosanna
25%
We Need Medicine(2013) Until She Saves My Soul
25%
Eyes Wide, Tongue Tied(Bonus)(2015) I Know Your Kind
17%
Here We Stand(Bonus)(2008) Nobody's Favourite Actor
17%
Here We Stand(2008) Stragglers Moon
17%
The Fratellis(2006) The Gutterati?
17%
Ole Black 'n' Blue Eyes EP(2007) Baby’s Got a Brand New Second Hand Disguise
8%
Costello Music(Bonus)(2006) Dirty Barry Stole the Bluebird
8%
Here We Stand(Bonus)(2008) Ella's in the Band
8%
Ole Black 'n' Blue Eyes EP(2007) Johnny Come Last
8%
Ole Black 'n' Blue Eyes EP(2007) Mon Yous, Mon Us, But No Them
8%
Here We Stand(Bonus)(2008) Moriarty's Last Stand
8%
Edgy in Brixton(2007) Pretty Like a Girl
8%
Here We Stand(B-Side)(2008) The Good Life
8%
Edgy in Brixton(2007) The Pimp
8%
Costello Music(B-Side)(2006) 3 Skinny Girls
0%
Here We Stand(B-Side)(2008) Boy Done Good
0%
Costello Music(B-Side)(2006) Lay Down Easy
0%
Here We Stand(B-Side)(2008) Lazybones
0%
Here We Stand(B-Side)(2008) Lonesome Anti-Christmas Blues
0%
Costello Music(B-Side)(2006) Solid Gold Easy Action
0%
Here We Stand(B-Side)(2008) When All the Lights Go Out
0%
No matching quizzes found
Score Distribution
Percent of People with Each Score
Percentile by Number Answered
Your Score History
You have not taken this quiz